000 00668nam a2200241Ia 4500
003 OSt
005 20221002051822.0
006 a|||||r|||| 00| 0
007 ta
008 220930b |||||||| |||| 00| 0 eng d
024 _a36227
037 _cReference Collections
040 _aCRL
_cCRL
_beng
041 _2eng
_aeng
082 _aN915wM89, M5(RR)
100 _aBessy Maurice
_9573135
245 0 _aCharlie Chaplin with 1090 illustrations
260 _aLondon
_bThames and hudson UK
_c1985
300 _a438 1090
_ccm.
650 _aARTS
942 _hN915wM89, M5(RR)
_cref
_2CC
999 _c917926
_d917926